000 00467cam a2200181 4500
001 D5927
008 090401t1972 xxu||||| |||| 00| 0 eng d
035 _a(Sirsi) u98246
041 _aeng
050 _a331.2166
110 _aInstitute of Quantity Surveyors
_92491
245 _aScale no. 36: inclusive scale of professional charges for building works
260 _aLondon
_bIQS
_c1972
300 _a7p. 21cm
350 _a0
942 _n0
948 _c04/03/1997
999 _c99132
_d99132